01751nam a2200349 4500003000900000005001700009008004100026017001400067020001800081040004600099041000800145082002700153092000700180099004400187100005700231245014100288250003000429264006600459300002800525336002200553337002400575338003300599504010800632546011600740650006900856856005700925905000700982942001900989999001701008952018801025952018801213EG-GICUC20260121101215.0251112s2013 ua ||||fr|||| 00| 0 ara d a201316898 a9789770473863 a EG-GICUCbarac EG-GICUCd EG-GICUCerda0 aara04221a341.83bن ا . م04221 aLaw1  12 341.83 ن ا . م 1 ed - 20130 aناصر عثمان محمد عثمانeمؤلف.10aمبدأ المعاملة بالمثل في نطاق القانون الدولي الخاص/cناصر عثمان محمد عثمان. aالطبعة الاولى 1aالقاهرة؛bدار النهضة العربية،c2013. a173 ؛صفحةc24 سم 2rda contentatext 2rda mediaaComputer 2rda carrieraOnline Resource aيحتوي على ارجاعات ببليوجرافية يحتوي على قائمة بالمراجع aالنص أغلبه باللغة العربية بعض النصوص الإنجليزية والفرنسية1 aالأجانب -- مركز قانوني -- قانون دولي40uhttps://fll.law.cu.edu.eg/fulltext/bks/B12-01279.pdf a75 2ddcn0cBKe21 c42919d42919 00102ddc40718القانون الدولي الخاصaCUbLAW1d2025-11-12l0oLaw1  12 341.83 ن ا . م 1 ed - 2013 1201279 C1pB12-01279r2025-11-12 16:07:22t1w2025-11-12yBK 00102ddc40708القانون الدولي الخاصaCUbLAW1d2025-11-12l0oLaw1  12 341.83 ن ا . م 1 ed - 2013 1201280 C2pB12-01280r2025-11-12 16:07:48t2w2025-11-12yBK